| 000 | 01126nam0a22002771 4500 | ||
|---|---|---|---|
| 001 | rc\4493547 | ||
| 005 | 20250612101114.0 | ||
| 021 |
_aRU _b[63-78282] |
||
| 035 | _a(NLR Aleph) 008610085 | ||
| 090 |
_a8758205 _c8758205 |
||
| 100 | _a20130416d1963 |||y0rusy50 ca | ||
| 101 | 0 | _arus | |
| 102 | _aRU | ||
| 105 | _aa z ||||| | ||
| 200 | 1 |
_aКабинет передового опыта в лесном поселке _e[Шуйско-Виданский леспромхоз пос. Чална] |
|
| 210 |
_aПетрозаводск _cКарел. кн. изд-во _d1963 |
||
| 215 |
_a27 с. _cил. _d20 |
||
| 300 | _aНа обл. авт. не указан | ||
| 606 |
_aПроизводственно-техническая пропаганда в лесной промышленности _2psbo |
||
| 606 |
_aЛесозаготовительная промышленность _jТехническая информация _2psbo |
||
| 700 | 1 |
_aКопьев _bН.Я. _gНиколай Яковлевич |
|
| 801 | 0 |
_aRU _bNLR _gpsbo |
|
| 801 | 1 |
_aRU _bELAR _2rusmarc |
|
| 852 |
_aNLR _j63-4/16315 |
||
| 942 | _cBOOK | ||
| 980 | _aNB | ||